000 00445nam a2200169Ia 4500
008 221030s9999 xx 000 0 und d
020 _a0194314456
041 _aEnglish
082 _a105.23
_bHor
100 _aA. S. Hornby
245 0 _aOxford Advanced Learner`s Dictonary of Current English
_cby A. S. Hornby
250 _a5th
260 _bOxfor University Press
_aNew Delhi
_c1999
300 _a1475
650 _aDictionary
942 _cBK
999 _c1552
_d1552